Die räumliche Ordnung der Wirtschaft

Uloženo v:
Podrobná bibliografie
Hlavní autor: Lösch, August (autor)
Médium: Kniha
Jazyk:němčina
Vydáno: Stuttgart Gustav Fischer Verlag 1962
Témata:
Tagy: Přidat tag
Žádné tagy, Buďte první, kdo vytvoří štítek k tomuto záznamu!

MARC

LEADER 00000nam a2200000 a 4500
001 UCH0849
003 CL-VaPUC
008 090326e19620000GW |||||||||||||||||ger|d
082 0 4 |a 330.01  |b LOS  |2 21 
100 |a Lösch, August  |e autor  |9 535178 
245 1 4 |a Die räumliche Ordnung der Wirtschaft 
300 |a 380 p 
942 |c BK 
945 |d 20090326 00:00:00  |a dcastane 
260 |a Stuttgart  |b Gustav Fischer Verlag  |c 1962 
650 0 |a Teoría económica  |9 315055 
650 0 |a Desarrollo económico y social   |9 256320 
650 7 |a ECONOMIA LOCAL  |2 CL-VaPUC  |9 535179 
651 0 |a Alemania  |9 255688 
583 |a last modification  |c 20140403 06:15:19  |k Rodrigo Vera 
999 |c 333049  |d 333047 
952 |0 0  |1 0  |4 0  |6 330_010000000000000_LOS_1962  |7 0  |8 P  |9 421189  |a BIBDER  |b BIBDER  |d 2019-11-22  |i 452523K  |o 330.01 LOS 1962  |p 452523K  |r 2023-01-25  |w 2019-11-22  |y BK  |k DER